ბათუმის შოთა რუსთაველის სახელმწიფო უნივერსიტეტის ბიბლიოთეკა

Мировая экономика и международные отношения №9.сентябрь.2016. (ბიბ.ჩანაწერი № 51926)

000 -LEADER
fixed length control field 00620nam a2200193Ia 4500
001 - CONTROL NUMBER
control field 18926
003 - CONTROL NUMBER IDENTIFIER
control field GE_BSU
008 - FIXED-LENGTH DATA ELEMENTS--GENERAL INFORMATION
fixed length control field 181216s||||||||xx |||||||||||||| ||und||
040 ## - CATALOGING SOURCE
Transcribing agency GE_BSU
245 ## - TITLE STATEMENT
Title Мировая экономика и международные отношения №9.сентябрь.2016.
245 ## - TITLE STATEMENT
Statement of responsibility, etc. Гл.ред.А.В Рябов.
260 ## - PUBLICATION, DISTRIBUTION, ETC.
Place of publication, distribution, etc. Mосква.
260 ## - PUBLICATION, DISTRIBUTION, ETC.
Name of publisher, distributor, etc. Наука
260 ## - PUBLICATION, DISTRIBUTION, ETC.
Date of publication, distribution, etc. 2016
300 ## - PHYSICAL DESCRIPTION
Extent 128стр,29см
520 ## - SUMMARY, ETC.
Summary, etc. выходит 12 раз в год
653 ## - INDEX TERM--UNCONTROLLED
Uncontrolled term Мировая экономика и международные отношения
942 ## - ADDED ENTRY ELEMENTS (KOHA)
Koha item type პერიოდიკა
ეგზემპლარები
Withdrawn status Lost status Damaged status Not for loan Date acquired Barcode Date last seen Price effective from Koha item type
        2018-12-17 р78010 2018-12-17 2018-12-17 პერიოდიკა